Statistiques concernant Nouveaux membres des Nations Unies

Cliquez ici pour prendre le quiz!

Statistiques générales

  • Ce quiz a été pris 27 fois
    (24 depuis la dernière actualisation)
  • Le résultat moyen est 6 sur 16

Statistiques - réponses

AnPays% Correct
2011Soudan du Sud
96%
2006Monténégro
63%
1994Palaos
54%
1993Slovaquie
46%
2002Timor-Oriental
46%
1993République Tchèque
42%
1993Érythrée
38%
1999Nauru
38%
1999Tonga
38%
2000Tuvalu
38%
1993Andorre
33%
1999Kiribati
33%
1993Monaco
33%
2002Suisse
25%
1993(The former Yougoslavie Republic of) Macédoine
0%
2000Yugoslavia
0%

Distribution des résultats

Percentile par nombre de réponses

% des personnes avec chaque résultat

Votre développement - résultats

Vous n’avez pas pris ce quiz depuis la dernière actualisation